Por una nueva visión del V Centenario : de la llegada de los españoles.

में बचाया:
ग्रंथसूची विवरण
स्वरूप: अज्ञात
भाषा:Spanish
विषय:
टैग: टैग जोड़ें
कोई टैग नहीं, इस रिकॉर्ड को टैग करने वाले पहले व्यक्ति बनें!

MARC

LEADER 000000000a22000000004500
001 007668
041 0 |a spa 
245 0 0 |a Por una nueva visión del V Centenario :   |b de la llegada de los españoles. 
310 |a Semestral 
650 4 |a AMERICA 
650 4 |a DESCUBRIMIENTOS Y EXPLORACIONES 
650 4 |a ESPAÑA 
773 0 |d San José, Costa Rica : Editorial de la Universidad de Costa Rica  |t Herencia  |g volumen 2, número 2 (1990), páginas 33-36 
942 |c ARC 
999 |c 14554  |d 14554